01115nam a2200313 i 4500003001000000005001700010007000300027008004100030020001800071040003500089041000800124043001200132084001200144100004900156245008300205250004500288264003900333300005200372336002700424337003300451338002800484504004100512521005200553650004500605650004300650650004400693651003200737700003200769CO-BoRNBP20220317001841.0ta170410s20162017ck a br 000 1 spa d a9789587738377 aCO-BoRNBPbspaerdacCO-BoRNBP0 aspa as-ck--- aLM BUE51 aBuenaventura Vidal, Nicolásd1962- eautor10aMitos del Nuevo MundocNicolás Buenaventura Vidal ; ilustraciones de Dipacho aPrimera ediciónbPrimera reimpresión 1aBogotá, ColombiabSMc2016c2017 a53, [3] páginasbilustraciones a colorc24 cm atextobtxt2rdacontent asin mediaciónbn2rdamedia avolumenbnc2rdacarrier aIncluye referencias bibliográficas aRecomendado para un público mayor de 9 años17aMitología colombianaySiglo XX2ARMARC17aLeyendas colombianasySiglo XX2ARMARC17aLiteratura colombianaySiglo XX2ARMARC 4aAméricaxMitos y leyendas1 aDipachod1984- eilustrador